Ústav bytové a oděvní kultury jubiluje

Bibliographic Details
Main Author: Dvořák, Zdeněk (Author)
Format: Article
Language:Czech
PhysicalDescription:Obr. 4.
Subjects:

MARC

LEADER 00000nab a2200000 a 4500
001 vtls000188872
003 SK-MaSNL
005 20260302205635.0
008 160201c1984 xo 0 cze
015 |a SNBRB19rr/mm-uuuuu 
035 |a CL0198985 
040 |a SNKBUCL  |b slo  |c SNKBUCL  |e AACR2 
041 0 |a cze 
044 |a xo  |c SK 
080 |a 747:061.6  |2 1981 
080 |a 061.6  |2 1981 
100 1 |a Dvořák, Zdeněk  |4 aut  |9 290406 
245 1 0 |a Ústav bytové a oděvní kultury jubiluje  |c Zdeněk Dvořák 
300 |b Obr. 4. 
610 2 7 |a Ústav bytové a oděvní kultury (Praha, Česko)  |2 snkbucl  |9 179847 
655 7 |a články z novín a časopisov  |2 snkbucl  |9 267496 
773 0 |t Drevo  |g Roč. 39, č. 6 (1984), s. 153-154 
850 |a Slovenská národná knižnica v Martine  |a MTA001 
852 |a SNK  |b KIS3GCP 
958 |a RK 
958 |a CZ 
992 |a RBX 
999 |c 1478709  |d 1480639